[Event "Najdorf Memorial"]
[Site "Warsaw POL"]
[Date "2021.07.10"]
[Round "1.1"]
[White "Donchenko, Alexander"]
[Black "Kozlowski, Michal"]
[Result "1-0"]
[WhiteElo "2652"]
[BlackElo "2043"]
[EventDate "2021.07.10"]
[PlyCount "65"]
[LiveChessVersion "1.4.8"]

1.c4 {[%clk 1:30:55]} 1...c5 {[%clk 1:30:54]} 2.Nf3 {[%clk 1:30:56]} 2...Nc6
{[%clk 1:30:37]} 3.Nc3 {[%clk 1:30:02]} 3...g6 {[%clk 1:30:27]} 4.e3 {[%clk
1:30:19]} 4...Bg7 {[%clk 1:30:49]} 5.d4 {[%clk 1:30:33]} 5...cxd4 {[%clk
1:29:22]} 6.exd4 {[%clk 1:30:54]} 6...d6 {[%clk 1:29:25]} 7.Be2 {[%clk 1:28:31]}
7...Nf6 {[%clk 1:29:14]} 8.d5 {[%clk 1:27:10]} 8...Nb8 {[%clk 1:29:37]} 9.h3
{[%clk 1:26:23]} 9...O-O {[%clk 1:29:40]} 10.O-O {[%clk 1:26:25]} 10...e5
{[%clk 1:15:26]} 11.dxe6 {[%clk 1:24:56]} 11...Bxe6 {[%clk 1:13:27]} 12.Nd4
{[%clk 1:19:39]} 12...Nc6 {[%clk 1:13:37]} 13.Nxe6 {[%clk 1:17:35]} 13...fxe6
{[%clk 1:14:04]} 14.Bg5 {[%clk 1:11:23]} 14...h6 {[%clk 1:11:38]} 15.Be3 {[%clk
1:11:03]} 15...d5 {[%clk 1:06:41]} 16.cxd5 {[%clk 1:07:15]} 16...exd5 {[%clk
0:56:53]} 17.Qb3 {[%clk 1:06:09]} 17...Kh8 {[%clk 0:32:37]} 18.Rad1 {[%clk
0:59:13]} 18...d4 {[%clk 0:30:49]} 19.Qxb7 {[%clk 0:47:41]} 19...Qd7 {[%clk
0:30:33]} 20.Qa6 {[%clk 0:43:01]} 20...Rab8 {[%clk 0:17:36]} 21.Bb5 {[%clk
0:38:42]} 21...Rb6 {[%clk 0:17:28]} 22.Qa4 {[%clk 0:38:32]} 22...Qe6 {[%clk
0:14:26]} 23.Bxd4 {[%clk 0:36:04]} 23...Nxd4 {[%clk 0:14:49]} 24.Rxd4 {[%clk
0:35:28]} 24...Nh5 {[%clk 0:07:12]} 25.Rd2 {[%clk 0:30:15]} 25...a6 {[%clk
0:04:34]} 26.Bd7 {[%clk 0:29:44]} 26...Qf7 {[%clk 0:04:41]} 27.Bg4 {[%clk
0:26:10]} 27...Nf4 {[%clk 0:04:51]} 28.g3 {[%clk 0:24:26]} 28...Ne6 {[%clk
0:00:51]} 29.h4 {[%clk 0:20:34]} 29...Nc5 {[%clk 0:00:35]} 30.Qd1 {[%clk
0:18:49]} 30...Bxc3 {[%clk 0:00:40]} 31.bxc3 {[%clk 0:19:13]} 31...Ne4 {[%clk
0:00:55]} 32.Rd8 {[%clk 0:18:25]} 32...Kh7 {[%clk 0:00:33]} 33.Rd7 {[%clk
0:18:48]} 1-0

[Event "Najdorf Memorial"]
[Site "Warsaw POL"]
[Date "2021.07.10"]
[Round "1.2"]
[White "Harazinska, Magdalena"]
[Black "Tomczak, Jacek"]
[Result "0-1"]
[WhiteElo "2034"]
[BlackElo "2603"]
[EventDate "2021.07.10"]
[PlyCount "76"]
[LiveChessVersion "1.4.8"]

1.d4 {[%clk 1:30:58]} 1...Nf6 {[%clk 1:30:46]} 2.c4 {[%clk 1:31:24]} 2...c5
{[%clk 1:31:02]} 3.d5 {[%clk 1:31:44]} 3...b5 {[%clk 1:31:17]} 4.Qc2 {[%clk
1:32:01]} 4...bxc4 {[%clk 1:31:25]} 5.e4 {[%clk 1:32:23]} 5...d6 {[%clk
1:31:14]} 6.Bxc4 {[%clk 1:32:36]} 6...g6 {[%clk 1:31:06]} 7.Nf3 {[%clk 1:32:36]}
7...Bg7 {[%clk 1:31:56]} 8.O-O {[%clk 1:32:52]} 8...O-O {[%clk 1:32:20]} 9.Nc3
{[%clk 1:32:09]} 9...Ba6 {[%clk 1:32:04]} 10.Nb5 {[%clk 1:30:38]} 10...Nfd7
{[%clk 1:27:16]} 11.Re1 {[%clk 1:21:13]} 11...Nb6 {[%clk 1:24:03]} 12.Bf1
{[%clk 1:20:50]} 12...Bb7 {[%clk 1:22:43]} 13.a4 {[%clk 1:16:29]} 13...Na6
{[%clk 1:13:53]} 14.Bd2 {[%clk 1:09:12]} 14...Nb4 {[%clk 1:03:08]} 15.Bxb4
{[%clk 1:02:47]} 15...cxb4 {[%clk 1:03:29]} 16.a5 {[%clk 1:01:13]} 16...Nd7
{[%clk 1:03:26]} 17.a6 {[%clk 0:55:11]} 17...Bc8 {[%clk 1:02:25]} 18.Nfd4
{[%clk 0:47:53]} 18...Nb8 {[%clk 0:54:06]} 19.Ra4 {[%clk 0:28:44]} 19...Bd7
{[%clk 0:27:04]} 20.Nc6 {[%clk 0:16:39]} 20...Bxc6 {[%clk 0:19:26]} 21.dxc6
{[%clk 0:17:04]} 21...Qb6 {[%clk 0:19:52]} 22.c7 {[%clk 0:13:30]} 22...Nxa6
{[%clk 0:19:55]} 23.Rea1 {[%clk 0:13:03]} 23...b3 {[%clk 0:17:16]} 24.Qb1
{[%clk 0:07:08]} 24...Nxc7 {[%clk 0:17:16]} 25.Nxc7 {[%clk 0:03:37]} 25...Qxc7
{[%clk 0:17:42]} 26.Bc4 {[%clk 0:03:57]} 26...Rab8 {[%clk 0:16:48]} 27.Qd1
{[%clk 0:02:17]} 27...Bxb2 {[%clk 0:10:37]} 28.Rb1 {[%clk 0:02:41]} 28...Bf6
{[%clk 0:10:38]} 29.Bxb3 {[%clk 0:02:22]} 29...Kg7 {[%clk 0:10:50]} 30.h3
{[%clk 0:01:55]} 30...Rb6 {[%clk 0:09:47]} 31.Rc1 {[%clk 0:01:50]} 31...Qb8
{[%clk 0:10:09]} 32.Bd5 {[%clk 0:01:53]} 32...Rb2 {[%clk 0:09:53]} 33.Rac4
{[%clk 0:01:14]} 33...e6 {[%clk 0:08:46]} 34.Bc6 {[%clk 0:01:42]} 34...Qb6
{[%clk 0:07:53]} 35.R4c2 {[%clk 0:01:49]} 35...Rc8 {[%clk 0:07:23]} 36.Kh1
{[%clk 0:01:30]} 36...Rxc2 {[%clk 0:04:13]} 37.Qxc2 {[%clk 0:01:58]} 37...Kg8
{[%clk 0:04:34]} 38.f3 {[%clk 0:01:51]} 38...Bg5 {[%clk 0:04:33]} 0-1

[Event "Najdorf Memorial"]
[Site "Warsaw POL"]
[Date "2021.07.10"]
[Round "1.3"]
[White "Dragun, Kamil"]
[Black "Piotrowski, Pawel"]
[Result "1-0"]
[WhiteElo "2557"]
[BlackElo "2027"]
[EventDate "2021.07.10"]
[PlyCount "147"]
[LiveChessVersion "1.4.8"]

1.Nf3 {[%clk 1:30:56]} 1...d5 {[%clk 1:30:54]} 2.g3 {[%clk 1:31:22]} 2...Nf6
{[%clk 1:31:19]} 3.Bg2 {[%clk 1:31:47]} 3...Bf5 {[%clk 1:31:43]} 4.O-O {[%clk
1:31:54]} 4...e6 {[%clk 1:32:08]} 5.c4 {[%clk 1:32:04]} 5...c6 {[%clk 1:32:25]}
6.Qb3 {[%clk 1:30:56]} 6...Qb6 {[%clk 1:32:23]} 7.d3 {[%clk 1:31:16]} 7...Nbd7
{[%clk 1:31:04]} 8.cxd5 {[%clk 1:30:12]} 8...exd5 {[%clk 1:29:19]} 9.Qc2 {[%clk
1:29:28]} 9...h6 {[%clk 1:27:30]} 10.Nc3 {[%clk 1:28:48]} 10...Be7 {[%clk
1:26:23]} 11.e4 {[%clk 1:27:24]} 11...dxe4 {[%clk 1:26:27]} 12.dxe4 {[%clk
1:27:48]} 12...Bh7 {[%clk 1:26:21]} 13.h3 {[%clk 1:26:18]} 13...Rd8 {[%clk
1:23:09]} 14.Be3 {[%clk 1:25:23]} 14...Qa6 {[%clk 1:22:48]} 15.a4 {[%clk
1:19:59]} 15...O-O {[%clk 1:20:51]} 16.Rfd1 {[%clk 1:16:32]} 16...Bb4 {[%clk
1:16:19]} 17.Nd2 {[%clk 0:54:41]} 17...Rfe8 {[%clk 1:07:42]} 18.Qb3 {[%clk
0:44:39]} 18...Bc5 {[%clk 0:59:47]} 19.Bf1 {[%clk 0:33:48]} 19...Qb6 {[%clk
0:59:54]} 20.Qxb6 {[%clk 0:34:07]} 20...Bxb6 {[%clk 0:54:55]} 21.Bxb6 {[%clk
0:33:33]} 21...axb6 {[%clk 0:52:20]} 22.f3 {[%clk 0:33:08]} 22...Ne5 {[%clk
0:51:27]} 23.Kf2 g5 {[%clk 0:45:08]} 24.Nc4 {[%clk 0:31:14]} 24...Nxc4 {[%clk
0:45:16]} 25.Bxc4 {[%clk 0:31:36]} 25...Nd7 {[%clk 0:44:48]} 26.Be2 {[%clk
0:28:49]} 26...f5 {[%clk 0:43:36]} 27.exf5 {[%clk 0:25:19]} 27...Bxf5 {[%clk
0:44:02]} 28.Rd6 {[%clk 0:25:16]} 28...Nc5 {[%clk 0:33:44]} 29.Rad1 {[%clk
0:23:44]} 29...Rxd6 {[%clk 0:33:27]} 30.Rxd6 {[%clk 0:24:09]} 30...Kg7 {[%clk
0:33:05]} 31.b4 {[%clk 0:23:03]} 31...Nd7 {[%clk 0:31:14]} 32.g4 {[%clk
0:14:29]} 32...Be6 {[%clk 0:31:32]} 33.Bc4 {[%clk 0:14:54]} 33...Nf8 {[%clk
0:31:23]} 34.Bxe6 {[%clk 0:15:05]} 34...Rxe6 {[%clk 0:31:45]} 35.Ne4 {[%clk
0:15:34]} 35...Re8 {[%clk 0:21:04]} 36.Ng3 {[%clk 0:14:36]} 36...Ra8 {[%clk
0:07:39]} 37.b5 {[%clk 0:14:14]} 37...Rxa4 {[%clk 0:06:04]} 38.Nf5+ {[%clk
0:13:31]} 38...Kf7 {[%clk 0:05:22]} 39.Nxh6+ {[%clk 0:13:43]} 39...Ke8 {[%clk
0:05:27]} 40.bxc6 {[%clk 0:44:05]} 40...bxc6 {[%clk 0:33:45]} 41.Rxc6 {[%clk
0:44:29]} 41...Rb4 {[%clk 0:31:05]} 42.Nf5 {[%clk 0:41:16]} 42...b5 {[%clk
0:21:45]} 43.Kg3 {[%clk 0:40:28]} 43...Rb1 {[%clk 0:21:55]} 44.Nd4 {[%clk
0:30:50]} 44...b4 {[%clk 0:21:57]} 45.Rb6 {[%clk 0:31:11]} 45...Rg1+ {[%clk
0:21:20]} 46.Kf2 {[%clk 0:31:23]} 46...Rh1 {[%clk 0:21:02]} 47.Rxb4 {[%clk
0:28:52]} 47...Rxh3 {[%clk 0:21:27]} 48.Rb5 {[%clk 0:29:03]} 48...Nh7 {[%clk
0:21:03]} 49.Ne6 {[%clk 0:29:09]} 49...Rh1 {[%clk 0:19:46]} 50.Nxg5 {[%clk
0:29:05]} 50...Nf6 {[%clk 0:20:08]} 51.Re5+ {[%clk 0:27:31]} 51...Kf8 {[%clk
0:20:20]} 52.Ne4 {[%clk 0:27:41]} 52...Nd7 {[%clk 0:20:24]} 53.Rb5 {[%clk
0:28:03]} 53...Ra1 {[%clk 0:20:24]} 54.Kg3 {[%clk 0:28:21]} 54...Ra3 {[%clk
0:20:42]} 55.g5 {[%clk 0:28:14]} 55...Ra4 {[%clk 0:20:06]} 56.Kg4 {[%clk
0:28:14]} 56...Ra3 {[%clk 0:19:25]} 57.f4 {[%clk 0:27:56]} 57...Ra4 {[%clk
0:19:35]} 58.Nc5 {[%clk 0:27:44]} 58...Ne5+ {[%clk 0:19:48]} 59.Kf5 {[%clk
0:27:56]} 59...Nc6 {[%clk 0:20:11]} 60.Nxa4 {[%clk 0:23:14]} 60...Nd4+ {[%clk
0:20:37]} 61.Kf6 {[%clk 0:23:28]} 61...Nxb5 {[%clk 0:20:52]} 62.Nc5 {[%clk
0:23:44]} 62...Nc3 {[%clk 0:20:06]} 63.Ne6+ {[%clk 0:22:52]} 63...Kg8 {[%clk
0:19:50]} 64.Ke5 {[%clk 0:23:13]} 64...Nd1 {[%clk 0:18:57]} 65.f5 {[%clk
0:21:12]} 65...Ne3 {[%clk 0:19:19]} 66.Ke4 {[%clk 0:21:10]} 66...Ng4 {[%clk
0:19:30]} 67.Kf4 {[%clk 0:19:40]} 67...Nf2 {[%clk 0:19:45]} 68.g6 {[%clk
0:19:33]} 68...Nd3+ {[%clk 0:17:52]} 69.Kg5 {[%clk 0:19:38]} 69...Nf2 {[%clk
0:18:05]} 70.f6 {[%clk 0:18:37]} 70...Ne4+ {[%clk 0:18:29]} 71.Kf5 {[%clk
0:18:59]} 71...Nd6+ {[%clk 0:18:46]} 72.Ke5 {[%clk 0:19:13]} 72...Nc4+ {[%clk
0:18:38]} 73.Kd5 {[%clk 0:19:27]} 73...Nb6+ {[%clk 0:18:54]} 74.Kc6 1-0

[Event "Najdorf Memorial"]
[Site "Warsaw POL"]
[Date "2021.07.10"]
[Round "1.4"]
[White "Liberadzki, Slawomir"]
[Black "Chatalbashev, Boris"]
[Result "0-1"]
[WhiteElo "2022"]
[BlackElo "2530"]
[EventDate "2021.07.10"]
[PlyCount "78"]
[LiveChessVersion "1.4.8"]

1.c4 {[%clk 1:30:57]} 1...b6 {[%clk 1:30:48]} 2.Nf3 {[%clk 1:30:29]} 2...Bb7
{[%clk 1:31:10]} 3.g3 {[%clk 1:30:34]} 3...c5 {[%clk 1:27:06]} 4.Bg2 {[%clk
1:30:43]} 4...Nf6 {[%clk 1:27:32]} 5.O-O {[%clk 1:31:01]} 5...e6 {[%clk
1:27:57]} 6.Nc3 {[%clk 1:30:46]} 6...Be7 {[%clk 1:28:16]} 7.e3 {[%clk 1:26:39]}
7...O-O {[%clk 1:27:14]} 8.d4 {[%clk 1:25:45]} 8...d5 {[%clk 1:23:14]} 9.cxd5
{[%clk 1:24:48]} 9...exd5 {[%clk 1:23:18]} 10.b3 {[%clk 1:24:23]} 10...Na6
{[%clk 1:18:54]} 11.Bb2 {[%clk 1:23:59]} 11...Re8 {[%clk 1:19:02]} 12.Rc1
{[%clk 1:22:57]} 12...Ne4 {[%clk 1:14:53]} 13.Qe2 {[%clk 1:11:42]} 13...Nb4
{[%clk 1:07:37]} 14.Rfd1 {[%clk 0:56:32]} 14...Ba6 {[%clk 1:06:34]} 15.Qe1
{[%clk 0:54:38]} 15...Nd3 {[%clk 1:04:32]} 16.Rxd3 {[%clk 0:49:34]} 16...Bxd3
{[%clk 1:04:57]} 17.Ne5 {[%clk 0:48:37]} 17...cxd4 {[%clk 1:03:15]} 18.Nxd5
{[%clk 0:42:06]} 18...Qxd5 {[%clk 1:02:37]} 19.Nxd3 {[%clk 0:42:26]} 19...dxe3
{[%clk 0:41:32]} 20.Qxe3 {[%clk 0:41:49]} 20...Bf8 {[%clk 0:35:02]} 21.Re1
{[%clk 0:25:50]} 21...f5 {[%clk 0:34:24]} 22.g4 {[%clk 0:24:04]} 22...Rad8
{[%clk 0:24:22]} 23.Nf4 {[%clk 0:12:20]} 23...Qd2 {[%clk 0:18:20]} 24.Qxd2
{[%clk 0:11:44]} 24...Rxd2 {[%clk 0:18:36]} 25.Bc1 {[%clk 0:11:58]} 25...Rxa2
{[%clk 0:17:28]} 26.gxf5 {[%clk 0:11:47]} 26...Nf6 {[%clk 0:11:33]} 27.Bd5+
{[%clk 0:08:14]} 27...Kh8 {[%clk 0:11:23]} 28.Be6 {[%clk 0:08:21]} 28...Ra1
{[%clk 0:10:53]} 29.Kg2 {[%clk 0:07:17]} 29...Ba3 {[%clk 0:07:04]} 30.Bd2
{[%clk 0:06:48]} 30...Rxe1 {[%clk 0:07:28]} 31.Bxe1 {[%clk 0:07:13]} 31...Rd8
{[%clk 0:07:53]} 32.Bc3 {[%clk 0:07:25]} 32...Bc5 {[%clk 0:05:59]} 33.Kf3
{[%clk 0:07:24]} 33...a5 {[%clk 0:06:10]} 34.Ke2 {[%clk 0:06:46]} 34...Ne4
{[%clk 0:05:24]} 35.Be5 {[%clk 0:05:48]} 35...Bd6 {[%clk 0:05:36]} 36.Ba1
{[%clk 0:03:53]} 36...Bxf4 {[%clk 0:05:52]} 37.Kf3 {[%clk 0:04:20]} 37...Rd1
{[%clk 0:04:03]} 38.Kxe4 {[%clk 0:03:49]} 38...Rxa1 {[%clk 0:04:26]} 39.Kxf4
{[%clk 0:04:16]} 39...b5 {[%clk 0:04:36]} 0-1

[Event "Najdorf Memorial"]
[Site "Warsaw POL"]
[Date "2021.07.10"]
[Round "1.5"]
[White "Noe, Christopher"]
[Black "Majek, Kacper"]
[Result "1-0"]
[WhiteElo "2527"]
[BlackElo "2018"]
[EventDate "2021.07.10"]
[PlyCount "47"]
[LiveChessVersion "1.4.8"]

1.d4 {[%clk 1:30:56]} 1...d5 {[%clk 1:30:54]} 2.c4 {[%clk 1:31:16]} 2...e6
{[%clk 1:31:04]} 3.Nf3 {[%clk 1:30:40]} 3...Nf6 {[%clk 1:31:29]} 4.Nc3 {[%clk
1:30:03]} 4...Be7 {[%clk 1:31:53]} 5.e3 {[%clk 1:29:18]} 5...O-O {[%clk
1:32:09]} 6.Bd3 {[%clk 1:27:30]} 6...dxc4 {[%clk 1:30:22]} 7.Bxc4 {[%clk
1:27:54]} 7...a6 {[%clk 1:30:51]} 8.e4 {[%clk 1:21:31]} 8...b5 {[%clk 1:28:03]}
9.Bd3 {[%clk 1:21:54]} 9...Bb7 {[%clk 1:27:06]} 10.e5 {[%clk 1:15:47]} 10...Nd5
{[%clk 1:27:08]} 11.h4 {[%clk 1:16:10]} 11...h6 {[%clk 1:14:10]} 12.Rh3 {[%clk
1:08:54]} 12...Bb4 {[%clk 0:45:15]} 13.Bxh6 {[%clk 0:59:40]} 13...Nxc3 {[%clk
0:45:12]} 14.bxc3 {[%clk 1:00:05]} 14...Bxc3+ {[%clk 0:45:36]} 15.Kf1 {[%clk
0:58:57]} 15...f5 {[%clk 0:33:14]} 16.Rg3 {[%clk 0:53:20]} 16...Bxf3 {[%clk
0:31:37]} 17.Rxg7+ {[%clk 0:44:01]} 17...Kh8 {[%clk 0:31:53]} 18.Qxf3 {[%clk
0:44:28]} 18...Qxh4 {[%clk 0:30:38]} 19.Rg3 {[%clk 0:39:16]} 19...Bxa1 {[%clk
0:17:39]} 20.Bxf8 {[%clk 0:33:53]} 20...Ra7 {[%clk 0:15:33]} 21.Rh3 {[%clk
0:33:27]} 21...Qxh3 {[%clk 0:15:58]} 22.Qxh3+ {[%clk 0:33:51]} 22...Kg8 {[%clk
0:16:23]} 23.Bc5 {[%clk 0:34:05]} 23...Rb7 {[%clk 0:16:34]} 24.Qh6 {[%clk
0:34:21]} 1-0

[Event "Najdorf Memorial"]
[Site "Warsaw POL"]
[Date "2021.07.10"]
[Round "1.7"]
[White "Gumularz, Szymon"]
[Black "Chrzaszcz, Malvina"]
[Result "1-0"]
[WhiteElo "2515"]
[BlackElo "2015"]
[EventDate "2021.07.10"]
[PlyCount "59"]
[LiveChessVersion "1.4.8"]

1.d4 {[%clk 1:30:57]} 1...d5 {[%clk 1:30:53]} 2.Bf4 {[%clk 1:31:20]} 2...Nf6
{[%clk 1:31:11]} 3.e3 {[%clk 1:31:45]} 3...Bf5 4.c4 {[%clk 1:32:01]} 4...e6
{[%clk 1:31:20]} 5.Nc3 {[%clk 1:32:24]} 5...c6 {[%clk 1:31:06]} 6.Qb3 {[%clk
1:32:46]} 6...Qb6 {[%clk 1:28:58]} 7.c5 {[%clk 1:29:09]} 7...Qxb3 {[%clk
1:28:14]} 8.axb3 {[%clk 1:29:37]} 8...Nbd7 {[%clk 1:28:36]} 9.h3 {[%clk
1:29:35]} 9...Be7 {[%clk 1:24:18]} 10.b4 {[%clk 1:29:37]} 10...O-O {[%clk
1:23:59]} 11.b5 {[%clk 1:00:31]} 11...Ne4 {[%clk 1:19:58]} 12.Nf3 {[%clk
0:56:18]} 12...Bf6 {[%clk 0:56:11]} 13.bxc6 {[%clk 0:55:12]} 13...bxc6 {[%clk
0:56:23]} 14.Ba6 {[%clk 0:54:28]} 14...Nxc3 {[%clk 0:28:11]} 15.bxc3 {[%clk
0:54:50]} 15...Rae8 {[%clk 0:17:43]} 16.O-O {[%clk 0:52:07]} 16...e5 {[%clk
0:16:19]} 17.Bg3 {[%clk 0:52:24]} 17...Re7 {[%clk 0:09:34]} 18.Rfd1 {[%clk
0:51:21]} 18...Rb8 {[%clk 0:08:41]} 19.Bf1 {[%clk 0:46:36]} 19...Rb7 20.Ra6
{[%clk 0:46:48]} 20...Nb8 {[%clk 0:05:17]} 21.dxe5 {[%clk 0:46:03]} 21...Nxa6
{[%clk 0:05:03]} 22.exf6 {[%clk 0:46:20]} 22...gxf6 {[%clk 0:04:51]} 23.Bxa6
{[%clk 0:46:47]} 23...Rb3 {[%clk 0:05:14]} 24.Nd4 {[%clk 0:47:11]} 24...Rb1
{[%clk 0:05:03]} 25.Rxb1 {[%clk 0:47:33]} 25...Bxb1 {[%clk 0:05:25]} 26.Nxc6
{[%clk 0:47:44]} 26...Re6 {[%clk 0:04:55]} 27.Bd6 {[%clk 0:47:56]} 27...Bc2
{[%clk 0:02:35]} 28.Nd4 {[%clk 0:48:19]} 28...Rxd6 {[%clk 0:02:11]} 29.cxd6
{[%clk 0:48:43]} 29...Ba4 {[%clk 0:02:38]} 30.Bb5 {[%clk 0:48:56]} 1-0

[Event "Najdorf Memorial"]
[Site "Warsaw POL"]
[Date "2021.07.10"]
[Round "1.8"]
[White "Jedrusik, Adam"]
[Black "Kanarek, Marcel"]
[Result "1/2-1/2"]
[WhiteElo "2015"]
[BlackElo "2498"]
[EventDate "2021.07.10"]
[PlyCount "125"]
[LiveChessVersion "1.4.8"]

1.d4 {[%clk 1:30:57]} 1...g6 {[%clk 1:30:58]} 2.c4 {[%clk 1:31:16]} 2...Bg7
{[%clk 1:31:16]} 3.Nc3 {[%clk 1:31:33]} 3...Nf6 {[%clk 1:30:54]} 4.e4 {[%clk
1:31:56]} 4...d6 {[%clk 1:31:18]} 5.f3 {[%clk 1:32:24]} 5...O-O {[%clk 1:31:18]}
6.Be3 {[%clk 1:32:49]} 6...a6 {[%clk 1:30:39]} 7.Nge2 {[%clk 1:32:07]} 7...c6
{[%clk 1:30:39]} 8.c5 {[%clk 1:29:39]} 8...Nbd7 {[%clk 1:30:21]} 9.Qd2 {[%clk
1:20:35]} 9...b5 {[%clk 1:25:32]} 10.cxb6 {[%clk 1:20:54]} 10...Rb8 {[%clk
1:18:52]} 11.Nc1 {[%clk 1:13:30]} 11...Qxb6 {[%clk 1:16:04]} 12.Nb3 {[%clk
1:12:39]} 12...a5 {[%clk 1:11:27]} 13.Rc1 {[%clk 1:10:19]} 13...Qa7 {[%clk
0:26:12]} 14.d5 {[%clk 1:05:34]} 14...c5 {[%clk 0:23:15]} 15.Nb5 {[%clk
1:05:25]} 15...Qb6 {[%clk 0:23:03]} 16.Qxa5 {[%clk 1:03:23]} 16...Ba6 {[%clk
0:13:52]} 17.a4 {[%clk 0:57:44]} 17...Ne8 {[%clk 0:13:45]} 18.Be2 {[%clk
0:50:39]} 18...Bxb2 {[%clk 0:11:36]} 19.Rc2 {[%clk 0:51:08]} 19...Bg7 {[%clk
0:09:17]} 20.O-O {[%clk 0:49:21]} 20...Ra8 {[%clk 0:05:02]} 21.Rb1 {[%clk
0:43:09]} 21...Qxa5 {[%clk 0:03:04]} 22.Nxa5 {[%clk 0:43:37]} 22...Bxb5 {[%clk
0:02:51]} 23.Bxb5 {[%clk 0:39:01]} 23...Rxa5 {[%clk 0:00:55]} 24.Bxd7 {[%clk
0:39:30]} 24...Nc7 {[%clk 0:00:58]} 25.Rb7 {[%clk 0:37:45]} 25...Na6 {[%clk
0:01:00]} 26.Bd2 {[%clk 0:37:31]} 26...Nb4 {[%clk 0:01:07]} 27.Bxb4 {[%clk
0:37:59]} 27...Bd4+ {[%clk 0:01:26]} 28.Kf1 {[%clk 0:38:25]} 28...cxb4 {[%clk
0:01:51]} 29.Rxb4 {[%clk 0:38:39]} 29...Bc5 {[%clk 0:01:55]} 30.Rb7 {[%clk
0:38:08]} 30...Rfa8 {[%clk 0:00:45]} 31.Rcb2 {[%clk 0:37:24]} 31...Kg7 {[%clk
0:00:51]} 32.Bc6 {[%clk 0:36:07]} 32...Kf6 {[%clk 0:00:57]} 33.Rd7 {[%clk
0:31:25]} 33...R8a7 {[%clk 0:00:57]} 34.Rd8 {[%clk 0:31:53]} 34...h5 {[%clk
0:00:40]} 35.Ke2 {[%clk 0:28:33]} 35...h4 {[%clk 0:00:33]} 36.f4 {[%clk
0:27:04]} 36...Rxa4 {[%clk 0:00:36]} 37.Bxa4 {[%clk 0:27:20]} 37...Rxa4 {[%clk
0:01:05]} 38.Kf3 {[%clk 0:26:48]} 38...Ra3+ {[%clk 0:01:19]} 39.Kg4 {[%clk
0:26:54]} 39...Re3 {[%clk 0:01:10]} 40.Kxh4 {[%clk 0:55:01]} 40...Rxe4 {[%clk
0:31:21]} 41.Kg4 {[%clk 0:54:52]} 41...Rd4 {[%clk 0:12:16]} 42.Rd7 {[%clk
0:52:49]} 42...g5 {[%clk 0:08:13]} 43.g3 {[%clk 0:52:01]} 43...gxf4 {[%clk
0:06:12]} 44.gxf4 {[%clk 0:52:30]} 44...Rxd5 {[%clk 0:06:31]} 45.Rbb7 {[%clk
0:52:54]} 45...Rd2 {[%clk 0:05:59]} 46.Rxe7 {[%clk 0:52:05]} 46...Rg2+ {[%clk
0:06:24]} 47.Kf3 {[%clk 0:51:43]} 47...Rg7 {[%clk 0:05:25]} 48.h4 {[%clk
0:50:58]} 48...Rh7 {[%clk 0:04:22]} 49.h5 {[%clk 0:48:59]} 49...Ba3 {[%clk
0:03:46]} 50.Red7 {[%clk 0:45:01]} 50...Bc5 {[%clk 0:03:59]} 51.h6 {[%clk
0:42:17]} 51...Ke6 {[%clk 0:03:11]} 52.Re7+ {[%clk 0:42:28]} 52...Kf6 {[%clk
0:03:39]} 53.Kg4 {[%clk 0:41:09]} 53...Bd4 {[%clk 0:01:26]} 54.Red7 {[%clk
0:39:25]} 54...Bc5 {[%clk 0:00:43]} 55.Kh5 {[%clk 0:33:27]} 55...Ba3 {[%clk
0:00:47]} 56.Re7 {[%clk 0:29:07]} 56...Bc5 {[%clk 0:00:48]} 57.Rbd7 {[%clk
0:25:24]} 57...Ba3 {[%clk 0:00:51]} 58.Re8 {[%clk 0:20:50]} 58...Kf5 {[%clk
0:00:34]} 59.Rg8 {[%clk 0:20:02]} 59...Bb2 {[%clk 0:00:43]} 60.Rg7 {[%clk
0:13:19]} 60...Rxg7 {[%clk 0:00:44]} 61.hxg7 {[%clk 0:13:46]} 61...Bxg7 {[%clk
0:01:06]} 62.Rxf7+ {[%clk 0:14:11]} 62...Bf6 {[%clk 0:01:21]} 63.Rd7 {[%clk
0:13:18]} 1/2-1/2

[Event "Najdorf Memorial"]
[Site "Warsaw POL"]
[Date "2021.07.10"]
[Round "1.9"]
[White "Kjartansson, Gudmundur"]
[Black "Furtak, Joanna"]
[Result "1-0"]
[WhiteElo "2496"]
[BlackElo "1999"]
[EventDate "2021.07.10"]
[PlyCount "59"]
[LiveChessVersion "1.4.8"]

1.c4 {[%clk 1:30:56]} 1...Nf6 {[%clk 1:30:56]} 2.Nc3 {[%clk 1:31:11]} 2...g6
{[%clk 1:31:21]} 3.g3 {[%clk 1:30:09]} 3...Bg7 {[%clk 1:31:46]} 4.Bg2 {[%clk
1:30:35]} 4...O-O {[%clk 1:31:05]} 5.d4 {[%clk 1:30:51]} 5...d6 {[%clk 1:30:52]}
6.Nf3 {[%clk 1:31:11]} 6...Nc6 {[%clk 1:30:12]} 7.O-O {[%clk 1:31:25]} 7...a6
{[%clk 1:29:26]} 8.Bf4 {[%clk 1:30:43]} 8...Rb8 {[%clk 1:28:35]} 9.Rc1 {[%clk
1:30:37]} 9...Nh5 {[%clk 1:21:16]} 10.Be3 {[%clk 1:25:26]} 10...Bd7 {[%clk
1:16:59]} 11.Qd2 {[%clk 1:18:16]} 11...b5 {[%clk 1:05:53]} 12.c5 {[%clk
1:07:36]} 12...dxc5 {[%clk 0:48:46]} 13.d5 {[%clk 1:05:27]} 13...Na5 {[%clk
0:41:52]} 14.Bxc5 {[%clk 1:04:55]} 14...Nc4 {[%clk 0:40:40]} 15.Qc2 {[%clk
1:04:47]} 15...Re8 {[%clk 0:30:28]} 16.b3 {[%clk 1:01:53]} 16...Nd6 {[%clk
0:24:39]} 17.Bd4 {[%clk 0:56:17]} 17...c6 {[%clk 0:20:32]} 18.Bxg7 {[%clk
0:54:21]} 18...Kxg7 {[%clk 0:19:50]} 19.Ne5 {[%clk 0:44:20]} 19...cxd5 {[%clk
0:18:16]} 20.Nxd5 {[%clk 0:43:03]} 20...f6 {[%clk 0:12:57]} 21.Nc6 {[%clk
0:34:13]} 21...Bxc6 {[%clk 0:12:47]} 22.Qxc6 {[%clk 0:34:29]} 22...Kh8 {[%clk
0:09:54]} 23.Qxa6 {[%clk 0:32:39]} 23...Ra8 {[%clk 0:08:58]} 24.Qc6 {[%clk
0:32:54]} 24...Rxa2 {[%clk 0:08:49]} 25.Nc7 {[%clk 0:32:37]} 25...Rg8 {[%clk
0:08:29]} 26.Bd5 {[%clk 0:32:17]} 26...g5 {[%clk 0:07:14]} 27.Bxg8 {[%clk
0:32:22]} 27...Qxg8 {[%clk 0:07:38]} 28.Nxb5 {[%clk 0:32:03]} 28...Qxb3 {[%clk
0:05:44]} 29.Nxd6 {[%clk 0:32:22]} 29...exd6 {[%clk 0:06:08]} 30.Qe8+ {[%clk
0:32:42]} 1-0